000 01090cad a22002175a 4500
001 L153733
008 110823e20110818 d f s i000 0 eng d
035 _a(Sirsi) u153733
041 0 _aeng
110 2 _aEurostat
_91416
245 0 0 _aConstruction output down by 1.8% in euro area
_h[electronic resource]
260 _c2011
490 0 _aEurostat News Release
_v(121/2011) 18 August 2011
520 _aIn the construction sector, seasonally adjusted production fell by 1.8% in the euro area and by 1.3% in the EU272 in June 2011, compared with the previous month. In May, production increased by 0.1% in the euro area and remained stable in the EU27. Compared with June 2010, output in June 2011 dropped by 11.3% in the euro area and by 8.1% in the EU27.
590 _aKA
650 2 4 _aEUROSTAT MONTHLY CONSTRUCTION INDEX
651 4 _aEurope
690 _aBUILT ENVIRONMENT-CONSTRUCTION MARKET
856 4 0 _uhttps://epp.eurostat.ec.europa.eu/cache/ITY_PUBLIC/4-18082011-AP/EN/4-18082011-AP-EN.PDF
_zView the item free of charge at http://epp.eurostat.ec.europa.eu
942 _n0
999 _c112677
_d112677